De sapos a principes: programación neurolinguistica

Shranjeno v:
Bibliografske podrobnosti
Main Authors: Grinder, John T (autor), Bandler, Richard (Author)
Format: Knjiga
Jezik:španščina
Izdano: Santiago Cuatro Vientos 1991
Teme:
Oznake: Označite
Brez oznak, prvi označite!

MARC

LEADER 00000nam a2200000 a 4500
001 UCW6532
003 CL-VaPUC
008 920327e19910000CL |||||||||||||||||spa|d
082 0 4 |a 616.8914  |b GRI  |2 21 
100 |a Grinder, John T  |e autor  |9 504025 
700 0 |a Bandler, Richard  |e author  |9 311562 
245 1 0 |a De sapos a principes: programación neurolinguistica 
300 |a 209 p 
942 |c BK 
945 |d 19920327 00:00:00  |a rbrito 
260 |a Santiago  |b Cuatro Vientos  |c 1991 
650 7 |a PSICOTERAPIA  |2 CL-VaPUC  |9 311563 
650 0 |a Psicolingüística   |9 283371 
583 |a last modification  |c 19920327 00:00:00  |k Rodrigo Vera 
999 |c 219562  |d 219560 
952 |0 0  |1 0  |4 0  |6 616_891400000000000_GRI_1991  |7 0  |8 A  |9 210631  |a BIBEDU  |b BIBEDU  |d 2019-11-15  |i 2787806  |o 616.8914 GRI 1991  |p 2787806  |r 2019-11-15  |w 2019-11-15  |y BK  |k EDU 
952 |0 0  |1 0  |4 0  |6 616_891400000000000_GRI_1991  |7 0  |8 A  |9 210632  |a BIBEDU  |b BIBEDU  |d 2019-11-15  |i 2787814  |o 616.8914 GRI 1991  |p 2787814  |r 2019-11-15  |w 2019-11-15  |y BK  |k EDU 
952 |0 0  |1 0  |4 0  |6 616_891400000000000_GRI_1991  |7 0  |8 A  |9 210633  |a BIBEDU  |b BIBEDU  |d 2019-11-15  |i 2974959  |o 616.8914 GRI 1991  |p 2974959  |r 2019-11-15  |w 2019-11-15  |y BK  |k PSI